Revista de ciencias jurídicas y sociales / (Record no. 1791)
[ view plain ]
| 000 -LEADER | |
|---|---|
| campo de control de longitud fija | 01219nas a2200337 i 4500 |
| 001 - NÚMERO DE CONTROL | |
| campo de control | 1791 |
| 003 - IDENTIFICADOR DE NÚMERO DE CONTROL | |
| campo de control | ES-MaACL |
| 005 - FECHA Y HORA DE LA ÚLTIMA TRANSACCIÓN | |
| campo de control | 20251108164633.0 |
| 008 - DATOS DE LONGITUD FIJA--INFORMACIÓN GENERAL | |
| campo de control de longitud fija | 950801d19181936sp qryp 0 |spa d |
| 022 ## - NÚMERO INTERNACIONAL NORMALIZADO PARA PUBLICACIONES SERIADAS | |
| Número Internacional Normalizado para Publicaciones Seriadas | 1132-2578 |
| 080 ## - NÚMERO DE LA CLASIFICACIÓN DECIMAL UNIVERSAL | |
| Número de la Clasificación Decimal Universal | 460 |
| 080 ## - NÚMERO DE LA CLASIFICACIÓN DECIMAL UNIVERSAL | |
| Número de la Clasificación Decimal Universal | 3 |
| 080 ## - NÚMERO DE LA CLASIFICACIÓN DECIMAL UNIVERSAL | |
| Número de la Clasificación Decimal Universal | 34 |
| 245 00 - MENCIÓN DEL TÍTULO | |
| Título | Revista de ciencias jurídicas y sociales / |
| Mención de responsabilidad, etc. | órgano de la Facultad de Derecho y del Museo-Laboratorio Jurídico de la Universidad de Madrid. |
| 246 3# - FORMA VARIANTE DEL TITULO | |
| Título propio/Titulo breve | Revista de ciencias jurídicas y sociales (Madrid) |
| 260 ## - PUBLICACIÓN, DISTRIBUCIÓN, ETC. | |
| Lugar de publicación, distribución, etc. | Madrid : |
| Nombre del editor, distribuidor, etc. | Facultad de Derecho, |
| Fecha de publicación, distribución, etc. | 1918-1936 ( |
| Fabricante | Fortanet) |
| 300 ## - DESCRIPCIÓN FÍSICA | |
| Extensión | 19 v. ; |
| Dimensiones | 25 cm. |
| 310 ## - PERIODICIDAD ACTUAL | |
| Periodicidad actual | Trimestral |
| 362 0# - FECHAS DE PUBLICACIÓN Y/O DESIGNACIÓN SECUENCIAL | |
| Fecha de publicación y/o designación secuencial | Año 1, n. 1 (en./marzo 1918)-año 19, n.74 (en./feb. 1936) |
| 530 ## - NOTA DISPONIBLE DE FORMULARIO FÍSICO ADICIONAL | |
| Nota de formato físico adicional disponible | Disponible en formato digital. |
| 650 #7 - PUNTO DE ACCESO ADICIONAL DE MATERIA--TÉRMINO DE MATERIA | |
| Término de materia o nombre geográfico como elemento de entrada | Ciencias sociales |
| Fuente del encabezamiento o término | embne |
| 9 (RLIN) | 10988 |
| 650 #7 - PUNTO DE ACCESO ADICIONAL DE MATERIA--TÉRMINO DE MATERIA | |
| Término de materia o nombre geográfico como elemento de entrada | Derecho |
| Fuente del encabezamiento o término | embne |
| 9 (RLIN) | 11602 |
| 700 1# - ENTRADA AGREGADA--NOMBRE PERSONAL | |
| Nombre de persona | Ureña y Smenjaud, Rafael de, |
| Fechas asociadas al nombre | 1852-1930 |
| 9 (RLIN) | 112127 |
| 700 1# - ENTRADA AGREGADA--NOMBRE PERSONAL | |
| Nombre de persona | Altamira, Rafael, |
| Fechas asociadas al nombre | 1866-1951 |
| 9 (RLIN) | 20515 |
| 700 1# - ENTRADA AGREGADA--NOMBRE PERSONAL | |
| Nombre de persona | Posada, Adolfo, |
| Fechas asociadas al nombre | 1860-1944 |
| 9 (RLIN) | 93316 |
| 852 4# - LOCALIZACIÓN | |
| Ubicación | ES-MaACL |
| Número de control de estantería | Hem-1024 |
| 856 ## - LOCALIZACIÓN Y ACCESO ELECTRÓNICOS | |
| Identificador Uniforme de Recursos | <a href="https://dialnet.unirioja.es/servlet/revista?codigo=17345">https://dialnet.unirioja.es/servlet/revista?codigo=17345</a> |
| Texto de enlace | Sumarios de la revista en Dialnet |
| 866 #0 - MENCIÓN TEXTUAL DE FONDOS--UNIDAD BIBLIOGRÁFICA BÁSICA | |
| Fondos | 1918-36 |
| 942 ## - ELEMENTOS DE ENTRADA SECUNDARIOS (KOHA) | |
| Fuente del sistema de clasificación o colocación | Clasificación decimal universal |
| Estatus retirado | Estado de pérdida | Fuente del sistema de clasificación o colocación | Estado de daño | No para préstamo | Colección | Biblioteca de origen | Biblioteca actual | Ubicación en estantería | Fecha de adquisición | Total de préstamos | Signatura topográfica completa | Código de barras | Visto por última vez | Precio de reemplazo | Tipo de ítem Koha |
|---|---|---|---|---|---|---|---|---|---|---|---|---|---|---|---|
| Clasificación decimal universal | Periódicos y Revistas | Biblioteca del Ateneo de Madrid | Biblioteca del Ateneo de Madrid | Depósito 1 | 17/01/2008 | Hem-1024 | 1001828 | 23/02/2023 | 23/02/2023 | Revista |
